[Event "10th Sharjah Cup Women 2020"]
[Site "Sharjah"]
[Date "2020.01.07"]
[Round "5.13"]
[White "Suleimanova, Ava"]
[Black "Al Maamari, Wafia Darwish"]
[Result "0-1"]
[WhiteElo "2213"]
[BlackElo "1866"]
[Annotator "TA"]
[PlyCount "42"]
[EventDate "2020.01.04"]
[EventType "swiss"]
[EventCountry "UAE"]
[SourceTitle "playchess.com"]
[Source "ChessBase"]
[SourceQuality "1"]

{[%evp 9,78,-10,7,0,27,27,98,3,0,-2,0,-16,-11,-11,-10,-27,0,-76,-72,-72,-87,-83,-71,-253,-245,-243,-85,-93,-92,-112,-98,-104,-71,-116,-75,-85,-86,-88,-51,-71,-68,-65,-51,-91,-77,-156,-169,-741,-381,-337,-345,-325,-210,-314,-238,-280,-247,-303,-303,-411,-424,-414,-380,-365,-334,-519,-516,-502,-502,-29991,-29992]} 1. Nf3 c5 2. g3 Nc6 3. Bg2 g6 4. O-O Bg7 5. e3 (5. d3 e5 6. c4 Nge7 7. Nc3 d6 8. a3 O-O 9. Rb1 a5 10. Bd2 Rb8 11. Ne1 Be6 12. Nc2 d5 13. cxd5 Nxd5 14. Ne3 Nxe3 15. Bxe3 Nd4 16. b4 axb4 17. axb4 c4 18. Re1 b5 19. Ne4 Bd5 20. dxc4 Bxc4 21. Qd2 f5 22. Bg5 Qc7 23. Nc5 Qf7 24. Rbd1 e4 {½-½ (24) Amin,B (2709)-Areshchenko,A (2652) Germany 2019}) 5... e5 6. d4 {A04: Unusual lines after 1 Nf3 and King's Indian Attack} e4 7. Nfd2 d5 $146 (7... cxd4 $11 8. Nxe4 d5) ({Predecessor:} 7... cxd4 8. Nxe4 d5 9. Nc5 Nge7 10. exd4 Bxd4 11. Nb3 Bg7 {1-0 (91) Sklyarov,D (2425)-Miezis,N (2574) Finland 2013}) 8. dxc5 (8. c4 $1 $16) 8... Nge7 $11 9. c4 f5 10. Na3 O-O 11. cxd5 Nxd5 12. Ndc4 Ncb4 13. Bd2 (13. f3 $11 {remains equal.}) 13... Nd3 $17 14. Rb1 Nxc5 15. b4 Nd3 16. Qc2 $2 {[#]} (16. f3 $17) 16... Be6 $1 $19 17. f3 exf3 $2 (17... Rc8 $19 18. fxe4 Nb6 19. exf5 Rxf5 20. Rxf5 gxf5 21. Bxb7 Rc7) 18. Bxf3 $17 Ne5 19. Nxe5 Bxe5 20. Rbd1 Rc8 21. Qd3 Rf7 {Played: Nd5-b6} 0-1

[Event "10th Sharjah Cup Women 2020"]
[Site "Sharjah"]
[Date "2020.01.07"]
[Round "5.14"]
[White "Greibrokk, Ingrid"]
[Black "Drljevic, Ljilja"]
[Result "0-1"]
[WhiteElo "1855"]
[BlackElo "2193"]
[Annotator "TA"]
[PlyCount "64"]
[EventDate "2020.01.04"]
[EventType "swiss"]
[EventCountry "UAE"]
[SourceTitle "playchess.com"]
[Source "ChessBase"]
[SourceQuality "1"]

{[%evp 14,63,11,0,0,0,0,-6,0,0,0,-18,-18,-16,-10,-17,0,-42,-8,-45,0,0,-10,-43,-56,-51,-42,-210,-203,-224,-116,-115,-107,-103,-100,-146,-143,-162,-165,-384,-391,-395,-390,-1040,-1006,-5622,-5162,-29987,-29988,-29998,-29999,-29999]} 1. c4 d6 2. g3 g6 3. Bg2 Bg7 4. Nc3 e5 5. e3 f5 6. Nge2 Nf6 7. O-O O-O 8. d4 e4 {A86: Dutch Defence: Leningrad System: Unusual lines and 5 Nh3} 9. b3 c6 10. Ba3 (10. f3 d5 11. Qd2 exf3 12. Bxf3 Ne4 13. Bxe4 dxe4 14. Nf4 Re8 15. Bb2 Nd7 16. Rad1 Nf6 17. d5 {0-1 (49) Hakobyan,A (2382)-Zubov,A (2627) Yerevan 2016}) 10... Rf7 $146 {The position is equal.} ({Predecessor:} 10... Re8 11. Rc1 Na6 12. b4 Nc7 13. Nf4 b5 14. d5 g5 15. Nfe2 cxd5 16. cxb5 Qd7 17. Bb2 {0-1 (37) Gallardo Fernandez,C (2194)-Di Nicolantonio,L (2364) Lisbon 2019}) 11. Rc1 Na6 12. b4 Nc7 13. d5 cxd5 14. cxd5 Ng4 15. Nd4 Ne5 16. Rc2 Nc4 17. Bc1 Nb6 $36 {[%mdl 2048] Black is more active.} 18. Ba3 (18. f3 {is more complex.} exf3 19. Qxf3 Bd7 20. Qd1 Rf8 21. e4) 18... Ncxd5 19. Nxd5 Nxd5 20. Nxf5 $2 ({Better is} 20. Qd2 $15) 20... Rxf5 $19 21. Bxe4 {[#]} Ne7 ({And not} 21... Nc3 22. Rxc3 Bxc3 23. Bxf5 $16) (21... Nb6 $1 $19 22. Bb2 Rf7 23. Bxg7 Rxg7 24. Bd5+ Kh8) 22. Bxf5 Bxf5 ({Don't play} 22... Nxf5 $6 23. e4 $11) 23. Rd2 d5 24. b5 Bh3 25. Bxe7 Qxe7 26. Rxd5 $2 (26. Qb3) 26... Qe4 {[%csl Gh3][%cal Re4g2]} 27. f3 Qxe3+ 28. Rf2 $2 (28. Kh1 Bxf1 29. Qxf1) 28... Re8 {aiming for ...Bd4!} 29. Rd8 {[#]} Bd4 $1 {[%mdl 576] Deflection} 30. Rxd4 {[#]} (30. Qxd4 Qe1+) 30... Qxd4 $1 {[%mdl 576] Back Rank. Black mates.} 31. Qxd4 Re1+ 32. Rf1 Rxf1# {Accuracy: White = 17%, Black = 60%.} 0-1

[Event "10th Sharjah Cup Women 2020"]
[Site "Sharjah"]
[Date "2020.01.07"]
[Round "5.15"]
[White "Radeva, Viktoria"]
[Black "Razan, Alshaeby"]
[Result "1-0"]
[WhiteElo "2338"]
[BlackElo "1735"]
[Annotator "TA"]
[PlyCount "123"]
[EventDate "2020.01.04"]
[EventType "swiss"]
[EventCountry "UAE"]
[SourceTitle "playchess.com"]
[Source "ChessBase"]
[SourceQuality "1"]

{[%evp 16,123,56,50,60,14,30,15,7,7,11,9,40,35,71,43,38,22,35,0,4,0,10,16,73,68,73,75,74,37,39,61,41,29,55,45,63,46,74,79,72,78,81,71,87,92,142,133,136,29,110,125,133,126,127,92,197,206,206,206,206,206,206,206,213,196,262,254,364,343,335,245,223,205,386,189,200,188,312,337,308,317,520,529,507,506,511,400,314,0,456,434,376,384,518,533,565,483,709,651,645,642,596,568,554,390,1733,1725,29993,29994]} 1. e4 d5 2. exd5 Nf6 3. d4 Nxd5 4. c4 Nb6 5. Nf3 g6 6. Nc3 Bg7 7. c5 Nd5 8. Bc4 c6 9. Qb3 {[%cal Rc3d5]} O-O {B01: Scandinavian Defence} 10. Nxd5 (10. O-O Nxc3 11. bxc3 b5 12. cxb6 axb6 13. Re1 b5 14. Bd3 Nd7 15. Ba3 Bf6 16. Nd2 Re8 17. Ne4 Bg7 18. Ng5 e6 19. Ne4 Nf6 20. Bc5 Nxe4 21. Bxe4 {1-0 (50) Perunovic,M (2696)-Roganovic,M (2524) Belgrade 2014}) 10... cxd5 11. Bxd5 Nc6 {The position is equal.} 12. Bxc6 bxc6 13. O-O Be6 14. Qc3 Bd5 15. Rd1 Qc8 16. Bg5 Re8 $146 ({Predecessor:} 16... f6 17. Bf4 {0-1 (33) Piber,V (2020)-Muellneritsch,A (2203) Feffernitz 2000}) 17. Qe3 Rb8 18. b3 Qg4 19. h3 Qh5 (19... Qf5 $11 {keeps the balance.}) 20. Ne1 $16 {[#] aiming for g4.} f6 21. Bf4 $36 {[%mdl 2048] Keeping Black busy.} e5 22. g4 Qh4 23. dxe5 {And now Rxd5! would win.} g5 24. Qg3 {Black must now prevent Qxh4.} Qxg3+ 25. Bxg3 fxe5 26. Rac1 a5 27. Nc2 a4 28. bxa4 Bxa2 29. Rd6 Bd5 30. Ne3 Be4 {[#]} 31. Nc4 $1 Bf8 32. a5 ({But not} 32. Bxe5 $6 Rb3 $11) ({White should play} 32. Rd7 $16) 32... Bxd6 (32... Rb5 $11) 33. Nxd6 Bd3 34. Nxe8 Rxe8 {[%mdl 4096] Endgame KRB-KRB} 35. Ra1 Ra8 (35... Ba6 $16) 36. Bxe5 $18 Kf7 37. Bc7 Ba6 38. Rd1 Re8 39. Kg2 Bb5 40. Kg3 Ba6 (40... Re2 $142 41. f4 Re3+ 42. Kg2 Re7) 41. h4 h6 (41... Re7 $142) 42. hxg5 hxg5 43. Rd8 Re7 44. Bd6 Rb7 $2 (44... Ra7 45. f4 gxf4+ 46. Bxf4 (46. Kxf4 Bc4 $18) 46... Bb5) 45. Rb8 (45. Ra8 $142 Rb3+ 46. Kh2) 45... Ra7 46. Rf8+ Kg6 (46... Kg7 $142 47. Rf3 Kg6) 47. Be5 Bb5 48. Bc3 Rd7 $2 (48... Re7 49. Rg8+ Kf7) 49. Rf6+ Kh7 50. Rd6 Ra7 51. Bd2 Rg7 52. Bc3 (52. f4 $142) 52... Ra7 $1 53. Bf6 Rxa5 54. Bxg5 Ra3+ 55. Be3 Ra1 56. Kf4 Ra4+ (56... Rg1 $142 57. g5 Kg7) 57. Kf5 Ra7 58. g5 {White threatens g6+ and mate.} Rf7+ 59. Ke5 {Threatens to win with g6+.} Rf8 60. Bd4 Re8+ $2 (60... Bd3 61. Rh6+ Kg8 62. Rxc6 Rf5+ 63. Ke6 Rxg5 64. Rc8+ Kh7 65. Rh8+ Kg6) 61. Kf6 {White wants to mate with Kf7.} Rf8+ 62. Ke7 {Accuracy: White = 59%, Black = 41%.} 1-0

[Event "10th Sharjah Cup Women 2020"]
[Site "Sharjah"]
[Date "2020.01.07"]
[Round "5.16"]
[White "Dhyana, Patel"]
[Black "Kubicka, Anna"]
[Result "0-1"]
[WhiteElo "1969"]
[BlackElo "2258"]
[Annotator "TA"]
[PlyCount "38"]
[EventDate "2020.01.04"]
[EventType "swiss"]
[EventCountry "UAE"]
[SourceTitle "playchess.com"]
[Source "ChessBase"]
[SourceQuality "1"]

{[%evp 24,86,0,0,0,0,0,0,13,0,0,0,19,0,0,-59,-33,-261,-241,-262,-237,-230,-232,-296,-304,-444,-438,-439,-439,-439,-434,-415,-395,-460,-449,-580,-563,-754,-739,-931,-922,-925,-911,-875,-866,-984,-997,-984,-983,-982,-965,-1512,-1713,-1694,-1652,-1577,-1466,-1963,-1810,-29985,-29986,-29987,-29989,-29990,-29991]} 1. e4 c6 2. d4 d5 3. Nd2 dxe4 4. Nxe4 Bf5 5. Ng3 Bg6 6. h4 h6 7. Nf3 Nd7 8. h5 Bh7 9. Bd3 Bxd3 10. Qxd3 e6 11. Bd2 Ngf6 12. O-O-O Be7 13. Kb1 Qb6 {B19: Classical Caro-Kann: 4...Bf5 main line} (13... O-O 14. Ne4 c5 15. g4 Nxg4 16. Qe2 Qb6 17. Ne5 Ndxe5 18. dxe5 f5 19. exf6 Nxf6 20. Nc3 Rad8 21. Rhg1 Kh8 22. Rg6 {½-½ (38) Saric,I (2662)-Nisipeanu,L (2672) Heraklio 2017}) 14. Rhe1 O-O 15. Nf5 exf5 {The position is equal.} 16. Rxe7 Qd8 $1 {[%cal Rd8e7]} 17. Ree1 {Black must now prevent Nh4.} Ne4 18. Be3 Ndf6 $146 {[%mdl 2048] Black is pushing.} ({Predecessor:} 18... Re8 19. Ng1 Qh4 20. f3 Nf2 21. Bxf2 Qxf2 {0-1 (55) Womacka,M (2449)-Baldauf,M (2470) Germany 2018}) 19. Nh4 (19. Ne5 $11) 19... Re8 {Played: f5-f4} 0-1

[Event "10th Sharjah Cup Women 2020"]
[Site "Sharjah"]
[Date "2020.01.07"]
[Round "5.17"]
[White "Kiolbasa, Oliwia"]
[Black "Al Kalbani, Wadima"]
[Result "1-0"]
[WhiteElo "2196"]
[BlackElo "1667"]
[Annotator "TA"]
[PlyCount "53"]
[EventDate "2020.01.04"]
[EventType "swiss"]
[EventCountry "UAE"]
[SourceTitle "playchess.com"]
[Source "ChessBase"]
[SourceQuality "1"]

{[%evp 13,79,18,36,0,0,0,0,0,0,-26,0,0,0,-78,-77,-108,-95,-104,-104,-108,56,52,39,44,67,-40,-41,-41,-44,-51,0,-8,37,45,354,340,391,384,427,414,413,393,477,319,380,217,218,223,255,195,301,300,288,251,271,255,522,522,651,643,633,629,602,600,695,614,641,577]} 1. d4 Nf6 2. c4 e6 3. Nf3 Be7 4. g3 d5 5. Bg2 Nbd7 6. O-O O-O 7. Qc2 b6 8. Ne5 {E08: Closed Catalan: Main Line: 7 Qc2} (8. cxd5 Nxd5 9. e4 Nb4 10. Qb3 a5 11. a3 Na6 12. Nc3 Bb7 13. Rd1 Nf6 14. Qc2 c6 15. h4 b5 16. e5 Ne8 {1-0 (33) Khalifman,A (2617)-Grybas,G (1988) Lithuania 2019}) 8... Nxe5 9. dxe5 Ng4 $1 10. cxd5 {The position is equal.} exd5 11. Rd1 Bb7 $146 ({Predecessor:} 11... Be6 12. e4 Bc5 13. exd5 Bxf2+ 14. Kf1 Be3 15. h3 Nxe5 16. Bxe3 Bc8 17. Nc3 Re8 18. d6 cxd6 19. Kg1 Nf3+ 20. Bxf3 Rxe3 {1-0 (20) Wischounig,L (1989)-Brunner,F (1401) Sankt Veit an der Glan 2019}) 12. Qf5 Bc8 13. Qf4 {[#]} (13. Qc2 $1 $11 Be6 14. e3) 13... c6 $1 $17 14. h3 g5 15. Qa4 Nxe5 16. e4 {[%cal Re4d5]} Bb7 $2 (16... b5 $17 17. Qc2 d4) 17. exd5 $1 $14 cxd5 18. Nc3 {[%cal Rc3d5]} Bc6 19. Qb3 (19. Qd4 $14 f6 20. Nxd5) 19... d4 $15 {Strongly threatening ...Nf3+.} 20. Bxc6 Nxc6 21. Nd5 Bc5 22. Qf3 {Black must now prevent Nf6+.} f6 {[#]} 23. b4 $1 {[%cal Rb4c5][%mdl 576] Decoy} Nxb4 $2 {[%mdl 8192]} (23... Bd6 $1 $14) (23... Bxb4 24. Nxb4) 24. Nxb4 $18 Bxb4 25. Qb3+ {[%mdl 64] Double Attack} Kg7 {And now ...Bc5 would win.} 26. Qxb4 d3 27. h4 {Played: Qb4-c3} 1-0

[Event "10th Sharjah Cup Women 2020"]
[Site "Sharjah"]
[Date "2020.01.07"]
[Round "5.18"]
[White "Pujari, Rucha"]
[Black "Mariam, Essa"]
[Result "1-0"]
[WhiteElo "2187"]
[BlackElo "1560"]
[Annotator "ChessBase"]
[PlyCount "81"]
[EventDate "2020.01.04"]
[EventType "swiss"]
[EventCountry "UAE"]
[SourceTitle "playchess.com"]
[Source "ChessBase"]
[SourceQuality "1"]
[TimeControl "5400+30"]

1. d4 {[%emt 0:00:00]} Nf6 {[%emt 0:00:00]} 2. c4 {[%emt 0:00:00]} e6 {[%emt 0:00:11]} 3. Nf3 {[%emt 0:00:00]} c5 {[%emt 0:01:29]} 4. d5 {[%emt 0:00:44]} exd5 {[%emt 0:00:10]} 5. cxd5 {[%emt 0:00:02]} d6 {[%emt 0:00:10]} 6. Nc3 {[%emt 0:00:14]} Be7 {[%emt 0:01:49]} 7. g3 {[%emt 0:00:20]} a6 {[%emt 0:05:32]} 8. a4 {[%emt 0:00:22]} b6 {[%emt 0:00:50]} 9. Bg2 {[%emt 0:00:11]} Bb7 {[%emt 0:00:27]} 10. O-O {[%emt 0:00:42]} O-O {[%emt 0:01:32]} 11. Nh4 {[%emt 0:06:01]} Qc8 {[%emt 0:09:05]} 12. e4 {[%emt 0:00:51]} Re8 {[%emt 0:01:35]} 13. Nf5 {[%emt 0:06:24]} Bf8 {[%emt 0:00:26]} 14. Bf4 {[%emt 0:00:22]} Qd7 {[%emt 0:09:43]} 15. Qb3 {[%emt 0:20:11]} Qc7 {[%emt 0:03:45]} 16. Ne3 {[%emt 0:02:55]} Nh5 {[%emt 0:08:24]} 17. Nc4 {[%emt 0:03:42]} Nxf4 {[%emt 0:04:11]} 18. gxf4 {[%emt 0:00:04]} Nd7 {[%emt 0:01:58]} 19. Rfe1 {[%emt 0:01:00]} Rab8 {[%emt 0:02:44]} 20. Rad1 {[%emt 0:06:23]} Qd8 {[%emt 0:13:08]} 21. Qc2 {[%emt 0:12:07]} Ba8 {[%emt 0:08:30]} 22. e5 {[%emt 0:04:36]} dxe5 {[%emt 0:00:46]} 23. Nxe5 {[%emt 0:00:47]} Nxe5 {[%emt 0:01:06]} 24. fxe5 {[%emt 0:00:14]} Qg5 {[%emt 0:00:36]} 25. Re4 {[%emt 0:04:32]} Rbd8 {[%emt 0:02:08]} 26. f4 {[%emt 0:00:56]} Qf5 {[%emt 0:01:34]} 27. Qb3 {[%emt 0:04:45]} c4 {[%emt 0:04:44]} 28. Qxb6 {[%emt 0:04:22]} Rb8 {[%emt 0:00:09]} 29. Qf2 {[%emt 0:00:14]} Rec8 {[%emt 0:00:55]} 30. Kh1 {[%emt 0:00:54]} Rb3 {[%emt 0:01:30]} 31. Re2 {[%emt 0:01:19]} Bc5 {[%emt 0:00:59]} 32. Qh4 {[%emt 0:01:10]} Qg6 {[%emt 0:07:53]} 33. d6 {[%emt 0:05:47]} Rcb8 {[%emt 0:03:47]} 34. Bxa8 {[%emt 0:02:27]} Rxa8 {[%emt 0:00:05]} 35. Rg2 {[%emt 0:01:37]} Qe6 {[%emt 0:01:49]} 36. d7 {[%emt 0:00:52]} Be7 {[%emt 0:00:14]} 37. d8=Q+ {[%emt 0:01:01]} Rxd8 {[%emt 0:00:16]} 38. Rxd8+ {[%emt 0:00:03]} Bf8 {[%emt 0:00:11]} 39. Nd5 {[%emt 0:01:50]} Rb7 {[%emt 0:01:57]} 40. Nf6+ {[%emt 0:00:23]} Kh8 {[%emt 0:00:06]} 41. Rxf8# {[%emt 0:00:13]} 1-0

[Event "10th Sharjah Cup Women 2020"]
[Site "Sharjah"]
[Date "2020.01.07"]
[Round "5.19"]
[White "Soyunlu, Narmin"]
[Black "Kanter, Elizaveta"]
[Result "1/2-1/2"]
[WhiteElo "2020"]
[BlackElo "1411"]
[Annotator "NA RC"]
[PlyCount "63"]
[EventDate "2020.01.04"]
[EventType "swiss"]
[EventCountry "UAE"]
[SourceTitle "playchess.com"]
[Source "ChessBase"]
[SourceQuality "1"]
[TimeControl "5400+30"]

1. Nf3 {[%emt 0:00:00]} Nf6 {[%emt 0:00:00]} 2. g3 {[%emt 0:00:10]} g6 {[%emt 0:00:00]} 3. Bg2 {[%emt 0:00:04]} Bg7 {[%emt 0:00:04]} 4. c4 {[%emt 0:02:46]} O-O {[%emt 0:00:40]} 5. d4 {[%emt 0:00:54]} c5 {[%emt 0:00:46]} 6. dxc5 {[%emt 0:03:08] E60: King's Indian: Unusual lines and Fianchetto Variation without Nc3} (6. Nc3 d6 7. O-O Nc6 8. dxc5 dxc5 9. Bf4 Nh5 10. Be3 Nd4 11. Qc1 Be6 12. b3 Qa5 13. Bxd4 cxd4 14. Nb5 Rad8 15. Qe1 Qxe1 16. Raxe1 a6 17. Nc7 Bc8 18. Nd5 Rfe8 {½-½ (47) Howell,D (2696)-Jones,G (2682) London 2018}) 6... Ne4 {[%emt 0:00:47]} 7. O-O {[%emt 0:00:59]} Nxc5 {[%emt 0:00:52]} 8. Nc3 $146 {[%emt 0:05:31]} ({Predecessor:} 8. Nbd2 Nc6 9. Rb1 a5 10. b3 d6 11. Bb2 Bf5 12. Bxg7 Kxg7 13. Ra1 Qd7 14. Re1 {0-1 (39) Surinya,T (1972)-Simonyi,Z (2262) Budapest 2008}) 8... Nc6 {[%emt 0:01:37]} 9. Be3 {[%emt 0:04:34]} d6 {[%emt 0:01:17]} 10. Rc1 {[%emt 0:06:09]} Bf5 {[%emt 0:04:46]} 11. Nd4 {[%emt 0:04:09]} Nxd4 {[%emt 0:03:19]} 12. Bxd4 {[%emt 0:00:53]} Bh6 {[%emt 0:02:05]} 13. Ra1 {[%emt 0:08:10]} Qc8 {[%emt 0:03:37]} 14. Nd5 {[%emt 0:02:51]} Re8 {[%emt 0:02:54]} 15. Bc3 {[%emt 0:08:00]} Bg7 {[%emt 0:07:08]} 16. Bxg7 {[%emt 0:02:00]} Kxg7 {[%emt 0:00:14]} 17. b4 {[%emt 0:06:15]} Nd7 {[%emt 0:02:40]} 18. Qd4+ {[%emt 0:07:13]} Kg8 {[%emt 0:01:38]} 19. Rac1 {[%emt 0:05:00]} Ne5 {[%emt 0:06:40]} (19... Nb6 $16) 20. c5 {[%emt 0:04:04]} Nc6 {[%emt 0:02:29]} 21. Qh4 {[%emt 0:01:19]} dxc5 {[%emt 0:01:48]} 22. b5 {[%emt 0:03:08]} Nd4 {[%emt 0:01:33]} 23. Nxe7+ {[%emt 0:00:11]} Rxe7 {[%emt 0:00:19]} 24. Qxe7 {[%emt 0:00:04]} c4 {[%emt 0:00:42]} 25. Bxb7 {[%emt 0:05:09]} Nxe2+ {[%emt 0:02:53]} 26. Kh1 {[%emt 0:00:35]} Qe8 {[%emt 0:00:54]} 27. Qxe8+ $18 {[%emt 0:02:44]} Rxe8 {[%emt 0:00:11]} 28. Rfe1 {[%emt 0:06:00]} Be4+ {[%emt 0:03:19]} 29. Bxe4 {[%emt 0:00:05]} Nxc1 {[%emt 0:00:51]} 30. Rxc1 {[%emt 0:01:19]} Rxe4 {[%emt 0:00:10]} 31. Kg2 {[%emt 0:00:25]} Kf8 {[%emt 0:02:43]} 32. Rc2 {[%emt 0:07:06]} 1/2-1/2

[Event "10th Sharjah Cup Women 2020"]
[Site "Sharjah"]
[Date "2020.01.07"]
[Round "5.20"]
[White "Khalil, Reem"]
[Black "Jalaluldeen, Kareen Kamal J."]
[Result "0-1"]
[WhiteElo "1295"]
[BlackElo "1784"]
[Annotator "NA RC"]
[PlyCount "80"]
[EventDate "2020.01.04"]
[EventType "swiss"]
[EventCountry "UAE"]
[SourceTitle "playchess.com"]
[Source "ChessBase"]
[SourceQuality "1"]
[TimeControl "5400+30"]

1. e4 {[%emt 0:00:00]} e6 {[%emt 0:00:00]} 2. d4 {[%emt 0:00:00]} d5 {[%emt 0:00:00]} 3. Nc3 {[%emt 0:00:01]} Bb4 {[%emt 0:00:00]} 4. Qe2 {[%emt 0:01:07]} dxe4 {[%emt 0:03:46]} 5. Qxe4 {[%emt 0:00:04]} Nf6 {[%emt 0:00:37]} 6. Qd3 {[%emt 0:01:42]} Nbd7 {[%emt 0:05:28]} 7. Nf3 {[%emt 0:01:09]} b6 {[%emt 0:02:16]} 8. a3 {[%emt 0:01:30]} Be7 {[%emt 0:00:53]} 9. Ne5 {[%emt 0:03:31]} Nxe5 {[%emt 0:08:27]} 10. dxe5 {[%emt 0:00:10]} Qxd3 {[%emt 0:06:38]} 11. Bxd3 {[%emt 0:00:36]} Nd5 {[%emt 0:01:54]} 12. Bb5+ {[%emt 0:10:30]} Bd7 {[%emt 0:00:56]} 13. Nxd5 {[%emt 0:10:19]} exd5 {[%emt 0:00:12]} 14. Bxd7+ {[%emt 0:00:36]} Kxd7 {[%emt 0:00:02]} 15. Be3 {[%emt 0:00:56]} Rad8 {[%emt 0:00:54]} 16. O-O-O {[%emt 0:00:29]} Kc8 {[%emt 0:00:19]} 17. Rd3 {[%emt 0:01:57]} c5 {[%emt 0:04:08]} 18. f4 {[%emt 0:00:46]} d4 {[%emt 0:00:52]} 19. Bf2 {[%emt 0:00:06]} Rhe8 {[%emt 0:01:04]} 20. Re1 {[%emt 0:01:18]} f6 {[%emt 0:05:22]} 21. c3 {[%emt 0:09:42]} dxc3 {[%emt 0:04:44]} 22. Rxc3 {[%emt 0:00:40]} fxe5 {[%emt 0:02:45]} 23. Rxe5 {[%emt 0:01:07]} Bf6 {[%emt 0:01:47]} 24. Rxe8 {[%emt 0:01:14]} Rxe8 {[%emt 0:00:01]} 25. Re3 {[%emt 0:01:27]} Rd8 {[%emt 0:00:37]} 26. Re4 {[%emt 0:03:56]} Bxb2+ {[%emt 0:11:46]} 27. Kxb2 {[%emt 0:02:02]} Rd2+ {[%emt 0:00:05]} 28. Kc3 {[%emt 0:00:27]} Rxf2 {[%emt 0:00:16]} 29. g4 {[%emt 0:00:57]} Kd7 {[%emt 0:01:14]} 30. h4 {[%emt 0:03:06]} Rf3+ {[%emt 0:02:17]} 31. Kb2 {[%emt 0:00:14]} g6 {[%emt 0:03:30]} 32. a4 {[%emt 0:05:34]} a6 {[%emt 0:02:35]} 33. Ka2 {[%emt 0:07:08]} b5 {[%emt 0:01:56]} 34. a5 {[%emt 0:03:23]} b4 {[%emt 0:03:33]} 35. Kb2 {[%emt 0:03:25]} Kd6 {[%emt 0:06:27]} 36. Re8 {[%emt 0:04:14]} Rxf4 {[%emt 0:01:05]} 37. Ra8 {[%emt 0:00:08]} Kc6 {[%emt 0:02:08]} 38. Rxa6+ {[%emt 0:00:48]} Kb5 {[%emt 0:00:01]} 39. Ra8 {[%emt 0:00:02]} Rxg4 {[%emt 0:00:22]} 40. a6 {[%emt 0:00:44]} Rxh4 {[%emt 0:01:08]} 0-1